000 01636cam a2200409 a 4500
001 13950732
003 OSt
005 20230605112052.0
008 050503s2004 enkab b 001 0 eng d
010 _a 2005274800
015 _aGBA443925
_2bnb
016 7 _a012932998
_2Uk
020 _a1842775588
035 _a(OCoLC)ocm56965759
040 _aUKM
_cUKM
_dOUN
_dOCLCQ
_dDLC
042 _alccopycat
043 _af------
050 0 0 _aHD9502.A492
_bE57 2004
082 0 4 _a333.79096
_222
_bKEB
245 0 0 _aEnergy services for the urban poor in Africa :
_bissues and policy implications /
_cedited by Bereket Kebede and Ikhupuleng Dube ; contributing authors, O. Kalumiana ... [et al.].
260 _aLondon ;
_aNew York :
_bZed Books in association with African Energy Policy Research Network,
_c2004.
300 _axxi, 297 p. :
_bill., maps ;
_c23 cm.
440 0 _aAfrican energy policy research series
504 _aIncludes bibliographical references and index.
650 0 _aPower resources
_zAfrica.
650 0 _aEnergy development
_zAfrica.
650 0 _aUrban poor
_zAfrica.
700 0 _aBereket Kebede.
700 1 _aDube, Ikhupuleng.
700 1 _aKalumiana, O.
_q(Oscar)
710 2 _aAfrican Energy Policy Research Network.
856 4 2 _3Publisher description
_uhttp://www.loc.gov/catdir/enhancements/fy0626/2005274800-d.html
856 4 1 _3Table of contents only
_uhttp://www.loc.gov/catdir/enhancements/fy0626/2005274800-t.html
906 _a7
_bcbc
_ccopycat
_d2
_encip
_f20
_gy-gencatlg
942 _2ddc
_cBK
999 _c308
_d308